|
|
|
|
| LEADER |
00705nab a2200193 i 4500 |
| 001 |
acta26215 |
| 005 |
20210224155406.0 |
| 008 |
161017s1970 hu o 0|| hun d |
| 022 |
|
|
|a 0544-7224
|
| 040 |
|
|
|a SZTE Egyetemi Kiadványok Repozitórium
|b hun
|
| 041 |
|
|
|a hun
|
| 100 |
1 |
|
|a Vargha László
|
| 245 |
1 |
0 |
|a Csoportfoglalkozásos földrajz óra az általános iskola 5. osztályában
|h [elektronikus dokumentum] /
|c Vargha László
|
| 260 |
|
|
|c 1970
|
| 300 |
|
|
|a 318-322
|
| 490 |
0 |
|
|a Módszertani közlemények
|v 10 No. 5
|
| 695 |
|
|
|a Neveléstudomány, Természettudomány
|
| 700 |
0 |
1 |
|a Ádám Imréné
|e aut
|
| 856 |
4 |
0 |
|u http://acta.bibl.u-szeged.hu/26215/1/modszertani_010_005_318-322.pdf
|z Dokumentum-elérés
|